01357nab a22002777a 4500999001500000003000400015005001700019008004100036040000700077100002900084245018000113260007200293300001300365500003900378505020900417505008900626650002600715650004200741650002900783650003000812650002400842650003600866650002500902773013900927942001301066 c5918d5918OSt20260114005807.0190605e xxu||||| |||| 00| 0 spa d cPJ 95129aSfeir, Santiago L.13aLa entrega de los certificados laborales a la luz del DNU 70/2023. El futuro de las indemnizaciones a raíz de la modificación de las normas laborales /cSantiago L. Sfeir. aCiudad Autónoma de Buenos Aires :bThomson Reuters La Ley,c2024. ap. 22-28 aCita: TR LALEY AR/DOC/3230/2023.  aSumario: I. Introducción.— II. La obligatoriedad de la entrega de los certificados del art. 80 LCT y el proceso de consignación.— III. Palabras finales. La solución brindada por el DNU 70/2023.  t¿Te interesa el texto completo? Solicitalo al correo: koha@justierradelfuego.gov.ar 091316aDERECHO LABORAL 09200aDECRETOS DE NECESIDAD Y URGENCIA 094597aCONSTITUCIONALIDAD 091323aCONTRATO DE TRABAJO 091382aINDEMNIZACION 091534aINDEMNIZACION POR DESPIDO 09761aPODER EJECUTIVO0 0271193168dCiudad Autónoma de Buenos Aires : Thomson Reuters La Ley, 1999-2002.tRevista de derecho del trabajo. Nº 1 - Enero 2024 2udccANA